000
00302nam a2200121Ia 4500
008
230524s9999 xx 000 0 und d
100
_a
M.L.Liu
245
0
_a
Distributed Computing: Principles and Applications
260
_b
Pearson
500
_a
Quantity Number: 2
650
_a
Comp-Sc
942
_c
BK
999
_c
50230
_d
50230